| 000 | 00842cam a2200277 i 4500 | ||
|---|---|---|---|
| 999 |
_c200443197 _d61409 |
||
| 003 | TR-AnTOB | ||
| 005 | 20230809171752.0 | ||
| 007 | ta | ||
| 008 | 851011s19429999tu 000 0 tur | ||
| 040 |
_aDLC _beng _erda _cCarP _dDLC _dTR-AnTOB |
||
| 041 | 0 | _atur | |
| 050 | 0 | 4 |
_aKKX3344 _b.A555 1942 |
| 090 |
_aKKX3344 _b.A555 1942 |
||
| 100 | 1 |
_aAnıl, Mustafa Nuri _eauthor _9132310 |
|
| 245 | 1 | 0 |
_aTürkiyede maden mevzuatı / _cMustafa Nuri Anıl, Nejdet Merey. |
| 264 | 1 |
_aİstanbul, _bTan matbaası, _c1942- |
|
| 300 |
_avolumes ; _c24 cm |
||
| 336 |
_2rdacontent _atext _btxt |
||
| 337 |
_2rdamedia _aunmediated _bn |
||
| 338 |
_2rdacarrier _avolume _bnc |
||
| 650 | 7 |
_aMaden hukuku _zTürkiye _2etuturkob _9122371 |
|
| 700 | 1 |
_aMerey, Nejdet _eauthor _9132311 |
|
| 942 |
_2lcc _cBK |
||